[Event "Commonwealth-ch"]
[Site "Chennai"]
[Date "2012.11.25"]
[Round "4"]
[White "Vishnu, Surendran"]
[Black "Padmini, Rout"]
[Result "0-1"]
[WhiteElo "1928"]
[BlackElo "2302"]
[PlyCount "90"]
[EventDate "2012.11.23"]
[EventType "swiss"]
[EventRounds "11"]
[EventCountry "IND"]
[SourceTitle "CBM 151 Extra"]
[Source "ChessBase"]
[SourceDate "2012.12.18"]
[SourceVersion "1"]
[SourceVersionDate "2012.12.18"]
[SourceQuality "1"]

1. e4 c5 2. Nc3 d6 3. g3 Nc6 4. Bg2 g6 5. d3 Bg7 6. f4 e6 7. Nf3 Nge7 8. Be3 Nd4 9. 0-0 0-0 10. Rb1 Nec6 11. Ne2 b5 12. c3 Nxe2+ 13. Qxe2 b4 14. e5 Rb8 15. Ng5 Ne7 16. exd6 Qxd6 17. Ne4 Qc7 18. Bxc5 bxc3 19. bxc3 Rxb1 20. Rxb1 f5 21. Bd6 Qd7 22. Bxe7 Qxe7 23. Ng5 Bxc3 24. Rc1 Bf6 25. Nf3 Qd6 26. Ne5 Ba6 27. Nc4 Qd7 28. Re1 Re8 29. Kh1 Kg7 30. Ne5 Qd6 31. Nc4 Qd4 32. Bf3 h6 33. Qe3 Qxe3 34. Rxe3 Re7 35. Kg2 g5 36. Kf1 Bd4 37. Re1 Kf6 38. Ke2 g4 39. Bg2 h5 40. Kd2 h4 41. Ke2 h3 42. Bh1 e5 43. fxe5+ Bxe5 44. Kf1 Bc7 45. Rxe7 Kxe7 0-1

[Event "Visakhapatnam op"]
[Site "Visakhapatnam"]
[Date "2011.11.24"]
[Round "1"]
[White "Vishnu, Surendran"]
[Black "Gupta, Abhijeet"]
[Result "0-1"]
[WhiteElo "1950"]
[BlackElo "2640"]
[PlyCount "82"]
[EventDate "2011.11.24"]
[EventType "swiss"]
[EventRounds "11"]
[EventCountry "IND"]
[SourceTitle "CBM 145 Extra"]
[Source "ChessBase"]
[SourceDate "2012.01.03"]
[SourceVersion "1"]
[SourceVersionDate "2012.01.03"]
[SourceQuality "1"]

1. e4 c5 2. d4 cxd4 3. c3 dxc3 4. Nxc3 e6 5. Nf3 a6 6. Bc4 Nc6 7. 0-0 Nge7 8. Qe2 Ng6 9. Rd1 Be7 10. Be3 b5 11. Bd3 Bb7 12. Rac1 0-0 13. Bb1 Rc8 14. Nd2 Qc7 15. a4 b4 16. Na2 a5 17. Nb3 Ra8 18. Qh5 Rfc8 19. Nd4 Qe5 20. Qg4 Nxd4 21. Bxd4 Qf4 22. Qe2 Bc6 23. b3 Bf6 24. g3 Qb8 25. Bxf6 gxf6 26. Rc5 Ne5 27. Qh5 Qb6 28. Rxe5 fxe5 29. Qg5+ Kf8 30. Qh6+ Ke8 31. Qg5 Qc5 32. Nc1 d6 33. Nd3 Qd4 34. Qg8+ Ke7 35. Qg5+ Kf8 36. Qh6+ Ke8 37. Qxh7 Qxe4 38. Qg8+ Ke7 39. Qg5+ Kf8 40. Qh6+ Ke8 41. Qh8+ Ke7 0-1